01163nam a22003257a 4500003000500000005001700005008004100022010001000063011001000073035001000083040000900093082001700102100003800119245006400157260004000221300001100261500001400272590004100286590004100327590004100368590004200409650005100451650004500502650005200547901000700599942001000606949006700616999001700683952013700700CHAP20220329134436.0971013s1982 r 00010 d a20545 a21517 a25607 cCHAP a327.7207bD600aDomínguez, Jorge I.eed.933926 aMexico's political economyb: challenges at home and abroad aBeverly, Hills :bSage Publ.,c1982 a239 p. aFotocopia aBATCH-UPDb10c20130110lUCH01h1236 aBATCH-UPDb10c20130410lUCH01h0804 aBATCH-UPDb10c20130914lUCH01h1219 aCONVERSIONb10c20130109lUCH01h131214aMéxicoxRelaciones exterioresxE.U.A.97679214aPolítica económicazMéxico.99053514aRelaciones económicas internacionales.995813 aBK cLIBRO a327.7207 D6bBCcLIBROd33724000302741eLIBROh70522i25607si c20545d20545 00102ddc4052708GRALaBCbBCcPA_GRALd2019-12-31fLIBROl0o327.7207 D6p33724000302741r2019-12-31 00:00:00w2019-12-31yLIBRO